000
00270nam a22001097a 4500
008
230620b xxu||||| |||| 00| 0 eng d
082
_a
320.3
_b
KEP
245
_a
Inspiring a New Era
260
_a
Kenya
_b
Kenya Private Sector Alliance
300
_a
XII,84p
942
_2
ddc
_c
BK
999
_c
1523
_d
1523